[Event "2. Bundesliga Mitte 2016/2017"]
[Site "Leoben, Wolfsberg/Taufkirchen/Fuerstenfeld, Grieskirchen, St. Veit"]
[Date "2016.10.08"]
[Round "2"]
[Board "2"]
[White "Poetz, Florian"]
[Black "Knoll, Hermann"]
[Result "1/2-1/2"]
[WhiteElo "2385"]
[BlackElo "2329"]
[PlyCount "68"]
[EventDate "2016.10.07"]
[EventType "team"]
[EventRounds "11"]
[EventCountry "AUT"]
[WhiteTeam "SPG Spk. Fuerstenfeld/Hartberg"]
[BlackTeam "Union Ansfelden"]

1.e4 e5 2.Nf3 Nc6 3.Bb5 a6 4.Ba4 Nf6 5.O-O Be7 6.Re1 b5 7.Bb3 d6 8.c3 O-O 9.h3 Na5
10.Bc2 c5 11.d4 Qc7 12.Nbd2 cxd4 13.cxd4 Nc6 14.a3 Bd7 15.Nb3 a5 16.Be3 a4 17.Nbd2
Rac8 18.Bd3 Na5 19.Qe2 Qb8 20.Rad1 Rfe8 21.Nf1 h6 22.Ng3 Bf8 23.dxe5 dxe5 24.Nh4 g6
25.Qf3 Rc6 26.Bd2 Nb3 27.Be3 Bg7 28.Qe2 Rcc8 29.Nf3 Nc5 30.Bb1 Be6 31.Nd2 Nfd7 32.Rc1
Rc6 33.Rc3 Rec8 34.Rec1 Qb7 1/2-1/2

[Event "2. Bundesliga Mitte 2016/2017"]
[Site "Leoben, Wolfsberg/Taufkirchen/Fuerstenfeld, Grieskirchen, St. Veit"]
[Date "2016.10.08"]
[Round "2"]
[Board "3"]
[White "Moser, Guenter"]
[Black "Kuba, Guenter"]
[Result "1/2-1/2"]
[WhiteElo "2302"]
[BlackElo "2329"]
[PlyCount "62"]
[EventDate "2016.10.07"]
[EventType "team"]
[EventRounds "11"]
[EventCountry "AUT"]
[WhiteTeam "Union Ansfelden"]
[BlackTeam "SPG Spk. Fuerstenfeld/Hartberg"]

1.c4 e5 2.Nc3 Nf6 3.g3 Bb4 4.Bg2 Bxc3 5.dxc3 d6 6.Nf3 Nc6 7.O-O h6 8.b3 O-O 9.Qc2
Be6 10.Re1 Qd7 11.e4 Bh3 12.Nh4 Rae8 13.f3 Ne7 14.g4 Bxg2 15.Nxg2 b6 16.Qf2 Nh7 17.Qg3
Kh8 18.Kh1 Ng8 19.Qh3 Qd8 20.Bd2 Ng5 21.Qg3 Ne6 22.Rad1 Kh7 23.Be3 Qe7 24.Rg1 Ra8
25.Rd2 a5 26.a4 g6 27.Ne1 Kg7 28.Rdg2 Kh7 29.Rb2 Kg7 30.Rbg2 Kh7 31.Qh3 Kg7 1/2-1/2

[Event "2. Bundesliga Mitte 2016/2017"]
[Site "Leoben, Wolfsberg/Taufkirchen/Fuerstenfeld, Grieskirchen, St. Veit"]
[Date "2016.10.08"]
[Round "2"]
[Board "4"]
[White "Csonka, Attila"]
[Black "Ennsberger, Ulrich"]
[Result "1-0"]
[WhiteElo "2346"]
[BlackElo "2255"]
[PlyCount "71"]
[EventDate "2016.10.07"]
[EventType "team"]
[EventRounds "11"]
[EventCountry "AUT"]
[WhiteTeam "SPG Spk. Fuerstenfeld/Hartberg"]
[BlackTeam "Union Ansfelden"]

1.e4 c5 2.Nf3 e6 3.b3 b6 4.Bb2 Bb7 5.Qe2 d6 6.d4 cxd4 7.Nxd4 Nf6 8.Nd2 Nbd7 9.g3 Rc8
10.c4 h5 11.h3 g5 12.Bg2 Rg8 13.Rd1 a6 14.O-O g4 15.h4 Qc7 16.Rfe1 Ne5 17.Nf1 Be7
18.Qe3 Rg6 19.Ne2 Ba8 20.Nf4 Rg8 21.Nd3 Rg6 22.Rc1 Nxd3 23.Qxd3 Nd7 24.Bd4 Ne5 25.Qe3
Rb8 26.Nd2 Bf8 27.Qe2 Bh6 28.Rc2 f6 29.Nb1 Ke7 30.Nc3 Bc6 31.Nd5+ Bxd5 32.exd5 exd5
33.cxd5 Qb7 34.Rc6 b5 35.Bxe5 fxe5 36.Qc2 1-0

[Event "2. Bundesliga Mitte 2016/2017"]
[Site "Leoben, Wolfsberg/Taufkirchen/Fuerstenfeld, Grieskirchen, St. Veit"]
[Date "2016.10.08"]
[Round "2"]
[Board "5"]
[White "Windhager, Hannes"]
[Black "Stradner, Stefan"]
[Result "1/2-1/2"]
[WhiteElo "2167"]
[BlackElo "2168"]
[PlyCount "81"]
[EventDate "2016.10.07"]
[EventType "team"]
[EventRounds "11"]
[EventCountry "AUT"]
[WhiteTeam "Union Ansfelden"]
[BlackTeam "SPG Spk. Fuerstenfeld/Hartberg"]

1.e4 e6 2.d4 d5 3.Nc3 Nf6 4.Bg5 dxe4 5.Nxe4 Be7 6.Bxf6 gxf6 7.Nf3 f5 8.Nc3 a6 9.Qd2
b5 10.O-O-O Qd6 11.Qe3 Nd7 12.d5 f4 13.Qe1 e5 14.Ne4 Qb4 15.c3 Qa4 16.Kb1 Bb7 17.b3
Qa3 18.c4 Rg8 19.h4 f6 20.Qe2 bxc4 21.Qxc4 Qb4 22.g3 fxg3 23.Nxg3 Rg4 24.Qc2 Rf4 25.Bg2
Nb6 26.Ne2 Nc4 27.Ka1 Na3 28.Qc1 Rxf3 29.Bxf3 e4 30.Bh5+ Kd8 31.Nd4 Bd6 32.Nc6+ Bxc6
33.dxc6 Ke7 34.f4 a5 35.Rhg1 a4 36.Rg7+ Kf8 37.Rf7+ Kg8 38.Rg1+ Kh8 39.Qb2 Nc2+ 40.Kb1
Na3+ 41.Ka1 1/2-1/2

[Event "2. Bundesliga Mitte 2016/2017"]
[Site "Leoben, Wolfsberg/Taufkirchen/Fuerstenfeld, Grieskirchen, St. Veit"]
[Date "2016.10.08"]
[Round "2"]
[Board "6"]
[White "Hatzl, Johannes"]
[Black "Mostbauer, Maximilian"]
[Result "0-1"]
[WhiteElo "2095"]
[BlackElo "2102"]
[PlyCount "132"]
[EventDate "2016.10.07"]
[EventType "team"]
[EventRounds "11"]
[EventCountry "AUT"]
[WhiteTeam "SPG Spk. Fuerstenfeld/Hartberg"]
[BlackTeam "Union Ansfelden"]

1.e4 e6 2.d4 d5 3.Nd2 Nf6 4.e5 Nfd7 5.Bd3 c5 6.c3 Nc6 7.Ne2 cxd4 8.cxd4 a5 9.O-O a4
10.Nf3 Be7 11.Bd2 Nb6 12.Rc1 Bd7 13.Nf4 g6 14.h3 Nb4 15.Bb1 Bb5 16.Re1 Nc4 17.Bc3
Rc8 18.Nd3 Nxd3 19.Bxd3 Bc6 20.b3 axb3 21.axb3 Na3 22.Ra1 b5 23.Qd2 Ra8 24.Ra2 Nc4
25.bxc4 dxc4 26.Rxa8 Qxa8 27.Be2 O-O 28.Ra1 Qd8 29.Ra7 b4 30.Bxb4 Bxb4 31.Qxb4 Bxf3
32.Bxf3 Qxd4 33.Ra3 Qxe5 34.Qxc4 Rb8 35.Qc1 Rb2 36.g3 h5 37.Kg2 h4 38.Qe3 Qxg3+ 39.Kf1
Qxh3+ 40.Ke1 Rb1+ 41.Kd2 Qf1 42.Ra8+ Kh7 43.Rc8 Qa6 44.Qc3 Qa2+ 45.Kd3 e5 46.Qc2 Rb3+
47.Rc3 Qxc2+ 48.Kxc2 Rxc3+ 49.Kxc3 Kh6 50.Kd3 f5 51.Ke3 Kg5 52.Bg2 Kg4 53.Ke2 e4 54.Ke3
h3 55.Bh1 g5 56.Ke2 Kf4 57.Kf1 g4 58.Kg1 g3 59.Kf1 g2+ 60.Bxg2 hxg2+ 61.Kxg2 Kg4 62.Kg1
Kf3 63.Kf1 f4 64.Ke1 Kg2 65.Ke2 Kg1 66.Ke1 f3 0-1

[Event "2. Bundesliga Mitte 2016/2017"]
[Site "Leoben, Wolfsberg/Taufkirchen/Fuerstenfeld, Grieskirchen, St. Veit"]
[Date "2016.10.08"]
[Round "2"]
[Board "2"]
[White "Halvax, Georg"]
[Black "Schnider, Gert"]
[Result "1/2-1/2"]
[WhiteElo "2429"]
[BlackElo "2404"]
[PlyCount "92"]
[EventDate "2016.10.07"]
[EventType "team"]
[EventRounds "11"]
[EventCountry "AUT"]
[WhiteTeam "SC MPOE Maria Saal 2"]
[BlackTeam "Schachfreunde Graz"]

1.e4 e5 2.Nf3 Nc6 3.d4 exd4 4.Nxd4 Nf6 5.Nxc6 bxc6 6.e5 Nd5 7.c4 Ne7 8.Bd3 Ng6 9.O-O
d6 10.exd6 Bxd6 11.Re1+ Be6 12.c5 Be7 13.Qc2 O-O 14.Be3 Rb8 15.Nc3 Rb4 16.Rad1 Qb8
17.b3 Rd8 18.Be4 Rxd1 19.Rxd1 Qe8 20.Bd4 Bg4 21.Rd2 Bg5 22.a3 Rb8 23.Be3 Bxe3 24.fxe3
f5 25.h3 Bxh3 26.gxh3 fxe4 27.Nxe4 Qe6 28.Qc4 Qxc4 29.bxc4 Re8 30.Rd4 Nh4 31.Nd2 Nf5
32.Rd7 Rxe3 33.Rxc7 Rxa3 34.Rxc6 Kf7 35.Ne4 Ne7 36.Rc7 h6 37.Nd6+ Ke6 38.Kg2 g6 39.Nb5
Ra4 40.Rxa7 Rxc4 41.Nc7+ Ke5 42.Ra6 Kf5 43.Ne8 Rxc5 44.Nd6+ Kf4 45.Ra4+ Ke5 46.Nf7+
Kf6 1/2-1/2

[Event "2. Bundesliga Mitte 2016/2017"]
[Site "Leoben, Wolfsberg/Taufkirchen/Fuerstenfeld, Grieskirchen, St. Veit"]
[Date "2016.10.08"]
[Round "2"]
[Board "3"]
[White "Mikanovic, Sandro"]
[Black "Tomazini, Zan"]
[Result "0-1"]
[WhiteElo "2240"]
[BlackElo "2389"]
[PlyCount "66"]
[EventDate "2016.10.07"]
[EventType "team"]
[EventRounds "11"]
[EventCountry "AUT"]
[WhiteTeam "Schachfreunde Graz"]
[BlackTeam "SC MPOE Maria Saal 2"]

1.d4 Nf6 2.Nf3 g6 3.g3 b5 4.Bg2 Bb7 5.O-O Bg7 6.Bg5 O-O 7.Nbd2 Na6 8.Bxf6 Bxf6 9.a4
b4 10.c4 c5 11.e3 Rc8 12.Qe2 d6 13.Rab1 cxd4 14.exd4 e5 15.dxe5 dxe5 16.Rfd1 Qc7 17.Ne1
Nc5 18.b3 Rcd8 19.Nf1 Rxd1 20.Qxd1 Rd8 21.Qc2 Ne6 22.Bxb7 Qxb7 23.Ne3 Nd4 24.Qd1 Qe4
25.Nd5 Rxd5 26.cxd5 Ne2+ 27.Kf1 Nc3 28.f3 Qxb1 29.Qxb1 Nxb1 30.Nd3 Nd2+ 31.Ke2 Nxb3
32.Nxb4 a5 33.Nc6 Nd4+ 0-1

[Event "2. Bundesliga Mitte 2016/2017"]
[Site "Leoben, Wolfsberg/Taufkirchen/Fuerstenfeld, Grieskirchen, St. Veit"]
[Date "2016.10.08"]
[Round "2"]
[Board "4"]
[White "Rieger, Robert"]
[Black "Kravanja, Georg"]
[Result "1/2-1/2"]
[WhiteElo "2320"]
[BlackElo "2246"]
[PlyCount "102"]
[EventDate "2016.10.07"]
[EventType "team"]
[EventRounds "11"]
[EventCountry "AUT"]
[WhiteTeam "SC MPOE Maria Saal 2"]
[BlackTeam "Schachfreunde Graz"]

1.e4 g6 2.d4 Bg7 3.Nc3 d6 4.Be3 a6 5.Qd2 Nd7 6.h4 h5 7.f3 b5 8.a4 b4 9.Nd1 a5 10.Bb5
Bb7 11.d5 Rc8 12.c3 bxc3 13.Nxc3 Ngf6 14.Nge2 O-O 15.Nd4 Ne5 16.O-O c6 17.dxc6 Nxc6
18.Nxc6 Bxc6 19.Bxc6 Rxc6 20.Nb5 d5 21.e5 Nd7 22.f4 e6 23.g3 Qa8 24.Rac1 Rfc8 25.Rxc6
Rxc6 26.Rc1 Nb8 27.Rxc6 Nxc6 28.Qc3 Qb7 29.Bc5 Bf8 30.Bxf8 Kxf8 31.Qc5+ Kg8 32.Nd6
Qa7 33.Qxa7 Nxa7 34.Kf2 Kf8 35.Ke3 Nc6 36.Nb7 Ke7 37.Kd3 f6 38.exf6+ Kxf6 39.Ke3 Kf5
40.Kf3 e5 41.fxe5 Kxe5 42.g4 Kd4 43.gxh5 gxh5 44.Kf4 Kc4 45.Kg5 d4 46.Nd6+ Kd5 47.Nb5
d3 48.Nc3+ Kc4 49.Kxh5 Kb3 50.Ne4 Ne5 51.Kg5 Nf3+ 1/2-1/2

[Event "2. Bundesliga Mitte 2016/2017"]
[Site "Leoben, Wolfsberg/Taufkirchen/Fuerstenfeld, Grieskirchen, St. Veit"]
[Date "2016.10.08"]
[Round "2"]
[Board "5"]
[White "Teuschler, Barbara"]
[Black "Tomazini, Aljosa"]
[Result "0-1"]
[WhiteElo "2212"]
[BlackElo "2387"]
[PlyCount "48"]
[EventDate "2016.10.07"]
[EventType "team"]
[EventRounds "11"]
[EventCountry "AUT"]
[WhiteTeam "Schachfreunde Graz"]
[BlackTeam "SC MPOE Maria Saal 2"]

1.d4 Nf6 2.Bg5 d5 3.Bxf6 gxf6 4.e3 c5 5.dxc5 Qa5+ 6.Nd2 Qxc5 7.Nb3 Qd6 8.Qf3 Bg7 9.O-O-O
e6 10.Qg4 O-O 11.e4 Qb4 12.Rd4 Qe1+ 13.Rd1 Qxe4 14.Qxe4 dxe4 15.Ne2 f5 16.h4 Nc6 17.h5
Ne5 18.Rh3 Ng4 19.Rg3 Be5 20.f4 exf3 21.Rxf3 b6 22.Nbd4 Bb7 23.Ra3 Rfd8 24.Nf3 Bxb2+ 0-1

[Event "2. Bundesliga Mitte 2016/2017"]
[Site "Leoben, Wolfsberg/Taufkirchen/Fuerstenfeld, Grieskirchen, St. Veit"]
[Date "2016.10.08"]
[Round "2"]
[Board "6"]
[White "Ertl, Johann"]
[Black "Kastner, Walter"]
[Result "1-0"]
[WhiteElo "2299"]
[BlackElo "2178"]
[PlyCount "63"]
[EventDate "2016.10.07"]
[EventType "team"]
[EventRounds "11"]
[EventCountry "AUT"]
[WhiteTeam "SC MPOE Maria Saal 2"]
[BlackTeam "Schachfreunde Graz"]

1.e4 d6 2.d4 Nf6 3.Nc3 e5 4.Nf3 Nbd7 5.Bc4 Be7 6.O-O O-O 7.Re1 a6 8.a4 b6 9.b3 Bb7
10.Bb2 c6 11.Qd2 g6 12.Rad1 b5 13.Bd3 exd4 14.Nxd4 Re8 15.Nf3 Bf8 16.Qf4 Nh5 17.Qc1
Bg7 18.Ne2 Nc5 19.Bxg7 Kxg7 20.e5 Nd7 21.exd6 Qf6 22.Qg5 Re6 23.Ned4 Rxe1+ 24.Rxe1
Qxg5 25.Nxg5 h6 26.Nxf7 Kxf7 27.Re7+ Kf6 28.Rxd7 bxa4 29.bxa4 Rb8 30.Bc4 Bc8 31.Rf7+
Ke5 32.Nxc6+ 1-0

[Event "2. Bundesliga Mitte 2016/2017"]
[Site "Leoben, Wolfsberg/Taufkirchen/Fuerstenfeld, Grieskirchen, St. Veit"]
[Date "2016.10.08"]
[Round "2"]
[Board "1"]
[White "Horvath, Adam"]
[Black "Reichmann, Egon"]
[Result "1-0"]
[WhiteElo "2478"]
[BlackElo "2266"]
[PlyCount "43"]
[EventDate "2016.10.07"]
[EventType "team"]
[EventRounds "11"]
[EventCountry "AUT"]
[WhiteTeam "RbEJ Gleisdorf"]
[BlackTeam "SV Wolfsberg"]

1.e4 c6 2.d4 d5 3.Nc3 g6 4.h3 Bg7 5.Nf3 Nf6 6.e5 Ne4 7.Nxe4 dxe4 8.Ng5 c5 9.dxc5 Qc7
10.e6 f5 11.g4 O-O 12.gxf5 Rxf5 13.c3 Nc6 14.Be3 Ne5 15.Be2 h6 16.Nf7 Bxe6 17.Nxe5
Rxe5 18.Qa4 Rxc5 19.Rg1 Ra5 20.Qb4 Bf5 21.O-O-O Rxa2 22.Qc4+ 1-0

[Event "2. Bundesliga Mitte 2016/2017"]
[Site "Leoben, Wolfsberg/Taufkirchen/Fuerstenfeld, Grieskirchen, St. Veit"]
[Date "2016.10.08"]
[Round "2"]
[Board "2"]
[White "Toefferl, Heimo"]
[Black "Frosch, Ronald"]
[Result "0-1"]
[WhiteElo "2096"]
[BlackElo "2273"]
[PlyCount "104"]
[EventDate "2016.10.07"]
[EventType "team"]
[EventRounds "11"]
[EventCountry "AUT"]
[WhiteTeam "SV Wolfsberg"]
[BlackTeam "RbEJ Gleisdorf"]

1.d4 d5 2.c4 c6 3.Nc3 Nf6 4.Nf3 dxc4 5.a4 Bf5 6.e3 e6 7.Bxc4 Nbd7 8.O-O Bb4 9.Qe2
O-O 10.e4 Bg4 11.Rd1 Bxc3 12.bxc3 Qa5 13.h3 Bh5 14.Bd2 Qc7 15.Rac1 e5 16.Bg5 Rae8
17.Bxf6 Bxf3 18.Qxf3 Nxf6 19.Bd3 Re7 20.Re1 Rd8 21.Rcd1 exd4 22.Bc2 dxc3 23.Rxd8+
Qxd8 24.Qxc3 Qc7 25.g3 Qe5 26.Qb4 Rd7 27.Kg2 g6 28.Re2 Kg7 29.f4 Qd4 30.Qe1 b6 31.g4
c5 32.f5 Qe5 33.Qg3 Qxg3+ 34.Kxg3 gxf5 35.gxf5 Rd4 36.Kf4 Nd5+ 37.Kf3 Nb4 38.Bb3 c4
39.Ba2 Kf6 40.Bb1 Ke5 41.Rg2 Rd1 42.Rb2 a5 43.h4 f6 44.h5 h6 45.Ke3 Rh1 46.Kf3 c3
47.Rb3 Kd4 48.Bc2 Nxc2 49.Rxb6 Nb4 50.Rd6+ Kc5 51.Rxf6 c2 52.Rf8 c1=Q 0-1

[Event "2. Bundesliga Mitte 2016/2017"]
[Site "Leoben, Wolfsberg/Taufkirchen/Fuerstenfeld, Grieskirchen, St. Veit"]
[Date "2016.10.08"]
[Round "2"]
[Board "3"]
[White "Manhardt, Thomas"]
[Black "Kerschbaumer, Johannes"]
[Result "1-0"]
[WhiteElo "2226"]
[BlackElo "2069"]
[PlyCount "87"]
[EventDate "2016.10.07"]
[EventType "team"]
[EventRounds "11"]
[EventCountry "AUT"]
[WhiteTeam "RbEJ Gleisdorf"]
[BlackTeam "SV Wolfsberg"]

1.e4 e5 2.Nf3 Nc6 3.d4 exd4 4.Nxd4 Bc5 5.Nb3 Bb6 6.Nc3 Nf6 7.Qe2 Qe7 8.Bg5 Qe6 9.O-O-O
h6 10.Bxf6 Qxf6 11.Nd5 Qxf2 12.Nxc7+ Kd8 13.Qxf2 Bxf2 14.Nxa8 b6 15.Bc4 f6 16.Rhf1
Be3+ 17.Kb1 Bb7 18.Rf3 Bg5 19.Bd5 Bxa8 20.Nd4 Nxd4 21.Rxd4 Bxd5 22.Rxd5 Re8 23.Rd4
h5 24.c4 Kc7 25.b4 Re7 26.g3 h4 27.g4 Kb7 28.h3 Kc7 29.Kc2 Kc6 30.Kd3 Bc1 31.Kc2 Bg5
32.a4 Kc7 33.Kd3 Bc1 34.Rd5 Ba3 35.b5 Re6 36.Rff5 g6 37.Rf1 g5 38.e5 fxe5 39.Ke4 Bd6
40.Rf7 Rg6 41.a5 Re6 42.a6 Kd8 43.c5 bxc5 44.b6 1-0

[Event "2. Bundesliga Mitte 2016/2017"]
[Site "Leoben, Wolfsberg/Taufkirchen/Fuerstenfeld, Grieskirchen, St. Veit"]
[Date "2016.10.08"]
[Round "2"]
[Board "4"]
[White "Schoenangerer, Herbert"]
[Black "Watzka, Horst"]
[Result "1/2-1/2"]
[WhiteElo "2097"]
[BlackElo "2165"]
[PlyCount "60"]
[EventDate "2016.10.07"]
[EventType "team"]
[EventRounds "11"]
[EventCountry "AUT"]
[WhiteTeam "SV Wolfsberg"]
[BlackTeam "RbEJ Gleisdorf"]

1.e4 e5 2.Nf3 Nc6 3.Bc4 Nf6 4.Ng5 d5 5.exd5 Na5 6.Bb5+ c6 7.dxc6 bxc6 8.Qf3 Qc7 9.Bd3
h6 10.Ne4 Nd5 11.Nbc3 Be6 12.b3 Nb4 13.O-O Rd8 14.Bb2 f5 15.Ng3 g6 16.Rfe1 Bg7 17.Na4
O-O 18.Qe2 e4 19.Bxg7 Kxg7 20.Bxe4 fxe4 21.Qxe4 Rxd2 22.f3 Nxc2 23.Qxe6 Nxe1 24.Rxe1
Qd6 25.Qxd6 Rxd6 26.Ne4 Rd5 27.Rc1 Rfd8 28.Rc2 Kf7 29.Kf2 Rd4 30.Nac5 Rb8 1/2-1/2

[Event "2. Bundesliga Mitte 2016/2017"]
[Site "Leoben, Wolfsberg/Taufkirchen/Fuerstenfeld, Grieskirchen, St. Veit"]
[Date "2016.10.08"]
[Round "2"]
[Board "5"]
[White "Wanderer, Thomas"]
[Black "Huber, Mario"]
[Result "1-0"]
[WhiteElo "2199"]
[BlackElo "1987"]
[PlyCount "59"]
[EventDate "2016.10.07"]
[EventType "team"]
[EventRounds "11"]
[EventCountry "AUT"]
[WhiteTeam "RbEJ Gleisdorf"]
[BlackTeam "SV Wolfsberg"]

1.e4 c5 2.Nc3 Nc6 3.g3 g6 4.Bg2 Bg7 5.d3 d6 6.Be3 e5 7.Qd2 Be6 8.f4 exf4 9.Bxf4 h6
10.Nf3 Nge7 11.O-O g5 12.Be3 Ng6 13.Nd5 Bxd5 14.exd5 Nce5 15.Kh1 Ng4 16.Bg1 O-O 17.c4
Rb8 18.Rab1 f5 19.b4 b6 20.bxc5 bxc5 21.d4 cxd4 22.Bxd4 N6e5 23.Qc3 Qc7 24.Rxb8 Rxb8
25.h3 Nxf3 26.Bxg7 Qxg7 27.Qxf3 Ne5 28.Qxf5 Nxc4 29.Qe6+ Kh8 30.Rf7 1-0

[Event "2. Bundesliga Mitte 2016/2017"]
[Site "Leoben, Wolfsberg/Taufkirchen/Fuerstenfeld, Grieskirchen, St. Veit"]
[Date "2016.10.08"]
[Round "2"]
[Board "6"]
[White "Heindl, Matthias"]
[Black "Ofner, Maximilian"]
[Result "1-0"]
[WhiteElo "2106"]
[BlackElo "2163"]
[PlyCount "97"]
[EventDate "2016.10.07"]
[EventType "team"]
[EventRounds "11"]
[EventCountry "AUT"]
[WhiteTeam "SV Wolfsberg"]
[BlackTeam "RbEJ Gleisdorf"]

1.e4 c6 2.d4 d5 3.Nc3 dxe4 4.Nxe4 Bf5 5.Ng3 Bg6 6.h4 h6 7.Nf3 Nd7 8.h5 Bh7 9.Bd3 Bxd3
10.Qxd3 e6 11.Bd2 Ngf6 12.O-O-O Be7 13.Kb1 O-O 14.Ne4 Nxe4 15.Qxe4 Nf6 16.Qe2 Qb6
17.g4 Nh7 18.Rhg1 Rad8 19.c3 Ng5 20.Ne5 Bf6 21.f4 Nh7 22.Nf3 Be7 23.g5 hxg5 24.fxg5
Qb5 25.Qe3 Qf5+ 26.Ka1 e5 27.Rdf1 Qe6 28.g6 Nf6 29.Nxe5 Nd5 30.gxf7+ Rxf7 31.Rxf7
Qxf7 32.Nxf7 Nxe3 33.Nxd8 Nc4 34.Bh6 Bxd8 35.Rxg7+ Kh8 36.Rxb7 Bb6 37.Bf4 Na5 38.Rxb6
axb6 39.Bc7 Nc4 40.b3 Ne3 41.Bxb6 Nd5 42.Ba5 Kh7 43.c4 Nf4 44.h6 Ne6 45.d5 cxd5 46.cxd5
Nc5 47.Bd2 Ne6 48.dxe6 Kg6 49.Bg5 1-0

[Event "2. Bundesliga Mitte 2016/2017"]
[Site "Leoben, Wolfsberg/Taufkirchen/Fuerstenfeld, Grieskirchen, St. Veit"]
[Date "2016.10.08"]
[Round "2"]
[Board "1"]
[White "Pilaj, Herwig"]
[Black "Schmidt, Peter"]
[Result "1-0"]
[WhiteElo "2390"]
[BlackElo "2383"]
[PlyCount "101"]
[EventDate "2016.10.07"]
[EventType "team"]
[EventRounds "11"]
[EventCountry "AUT"]
[WhiteTeam "SC DieKlagenfurter"]
[BlackTeam "SPG Sauwald"]

1.c4 Nf6 2.Nc3 g6 3.g3 Bg7 4.Bg2 O-O 5.d3 c6 6.e4 e5 7.Nge2 d6 8.O-O a6 9.Bg5 h6 10.Be3
b5 11.h3 Nbd7 12.a3 Bb7 13.Rc1 Rb8 14.b4 d5 15.cxd5 cxd5 16.exd5 Re8 17.Qd2 Kh7 18.Qa2
Nb6 19.d6 Bxg2 20.Kxg2 Rb7 21.Ne4 Nxe4 22.dxe4 Qxd6 23.Rfd1 Qe6 24.Qxe6 Rxe6 25.Bxb6
Rexb6 26.Nc3 f5 27.Nd5 Rd6 28.f3 h5 29.Rd3 Bh6 30.Rc2 a5 31.Rdc3 axb4 32.axb4 Ra6
33.g4 fxe4 34.fxe4 Bf4 35.Kf3 hxg4+ 36.Kxg4 g5 37.Rc7+ Rxc7 38.Rxc7+ Kg6 39.Rb7 Ra3
40.Rb6+ Kf7 41.Rxb5 Rg3+ 42.Kf5 Rxh3 43.Rb7+ Ke8 44.b5 Kd8 45.b6 Rb3 46.Ra7 Kc8 47.Ne7+
Kd8 48.Nd5 Kc8 49.Ne7+ Kd8 50.Nc6+ Ke8 51.Ke6 1-0

[Event "2. Bundesliga Mitte 2016/2017"]
[Site "Leoben, Wolfsberg/Taufkirchen/Fuerstenfeld, Grieskirchen, St. Veit"]
[Date "2016.10.08"]
[Round "2"]
[Board "2"]
[White "Renner, Christoph"]
[Black "Wertjanz, David"]
[Result "1-0"]
[WhiteElo "2343"]
[BlackElo "2298"]
[PlyCount "69"]
[EventDate "2016.10.07"]
[EventType "team"]
[EventRounds "11"]
[EventCountry "AUT"]
[WhiteTeam "SPG Sauwald"]
[BlackTeam "SC DieKlagenfurter"]

1.e4 c5 2.d3 e6 3.g3 Nc6 4.Bg2 d5 5.Nd2 Nf6 6.Ngf3 Be7 7.O-O O-O 8.Re1 b5 9.exd5 exd5
10.d4 Qb6 11.a4 bxa4 12.c4 cxd4 13.cxd5 Nxd5 14.Ne5 Ne3 15.Rxe3 dxe3 16.Nxc6 exf2+
17.Kh1 Bf6 18.Nc4 Qc5 19.Qxa4 Re8 20.Bd2 Bg4 21.N4e5 Be2 22.Nd7 Qd6 23.Nxf6+ Qxf6
24.Bc3 Qg6 25.Ne5 Qh5 26.g4 Qg5 27.Qe4 Bb5 28.Qd5 a6 29.Qxf7+ Kh8 30.Qxf2 Rf8 31.Nf7+
Kg8 32.Nxg5 Rxf2 33.Bxa8 h6 34.Bd5+ Kh8 35.Nh3 1-0

[Event "2. Bundesliga Mitte 2016/2017"]
[Site "Leoben, Wolfsberg/Taufkirchen/Fuerstenfeld, Grieskirchen, St. Veit"]
[Date "2016.10.08"]
[Round "2"]
[Board "3"]
[White "Genser, Harald"]
[Black "Testor, Sebastian"]
[Result "1/2-1/2"]
[WhiteElo "2304"]
[BlackElo "2303"]
[PlyCount "87"]
[EventDate "2016.10.07"]
[EventType "team"]
[EventRounds "11"]
[EventCountry "AUT"]
[WhiteTeam "SC DieKlagenfurter"]
[BlackTeam "SPG Sauwald"]

1.d4 e6 2.c4 Nf6 3.Nf3 b6 4.g3 Ba6 5.Qa4 Bb7 6.Bg2 c5 7.dxc5 bxc5 8.O-O Be7 9.Nc3
O-O 10.Rd1 Qb6 11.Bf4 d6 12.Rab1 Na6 13.a3 Bc6 14.Qc2 Rfd8 15.e4 Qb7 16.Ne1 h6 17.Qe2
e5 18.Bc1 Rab8 19.Nc2 Qc8 20.b4 Nc7 21.b5 Bd7 22.Ne3 Ne6 23.Nf5 Bf8 24.Nxd6 Qc7 25.Nf5
Nd4 26.Nxd4 cxd4 27.Nd5 Nxd5 28.cxd5 Qa5 29.Bf1 Qa4 30.Rd2 Rdc8 31.Qd1 Qxd1 32.Rxd1
Bg4 33.Re1 Bf3 34.Bg2 Bxg2 35.Kxg2 Rc2 36.Kf1 Rbc8 37.Bb2 R8c5 38.a4 R5c4 39.Re2 Rxe2
40.Kxe2 Rxa4 41.Ra1 Rb4 42.Ba3 Rxb5 43.Bxf8 Kxf8 44.Rxa7 1/2-1/2

[Event "2. Bundesliga Mitte 2016/2017"]
[Site "Leoben, Wolfsberg/Taufkirchen/Fuerstenfeld, Grieskirchen, St. Veit"]
[Date "2016.10.08"]
[Round "2"]
[Board "4"]
[White "Hellmayr, Alois"]
[Black "Petschar, Kurt"]
[Result "0-1"]
[WhiteElo "2202"]
[BlackElo "2288"]
[PlyCount "84"]
[EventDate "2016.10.07"]
[EventType "team"]
[EventRounds "11"]
[EventCountry "AUT"]
[WhiteTeam "SPG Sauwald"]
[BlackTeam "SC DieKlagenfurter"]

1.c4 e5 2.g3 Nc6 3.Bg2 f5 4.Nc3 Bb4 5.Nd5 Bc5 6.d3 Nce7 7.e3 c6 8.Nxe7 Qxe7 9.Ne2
d6 10.d4 Bb4+ 11.Kf1 Ba5 12.b4 Bc7 13.Bb2 Nf6 14.h3 O-O 15.Kg1 Be6 16.d5 cxd5 17.cxd5
Bd7 18.Kh2 Rac8 19.Nc3 Qf7 20.Rf1 Bb6 21.Qd2 h5 22.Kh1 h4 23.gxh4 Qh5 24.f4 Qxh4 25.Qe1
Qh6 26.Qg3 Nh5 27.Qf3 Rc4 28.fxe5 dxe5 29.d6 e4 30.Qd1 Ng3+ 31.Kh2 Nxf1+ 32.Bxf1 Rc6
33.b5 Qxe3 34.Ne2 Rcc8 35.Qd5+ Rf7 36.Bd4 Bxd4 37.Nxd4 f4 38.Bc4 Qxh3+ 39.Kg1 Rxc4
40.Qxc4 Qg3+ 41.Kh1 f3 42.Qc2 Rf6 0-1

[Event "2. Bundesliga Mitte 2016/2017"]
[Site "Leoben, Wolfsberg/Taufkirchen/Fuerstenfeld, Grieskirchen, St. Veit"]
[Date "2016.10.08"]
[Round "2"]
[Board "5"]
[White "Titz, Heimo"]
[Black "Hiermann, Dietmar"]
[Result "1-0"]
[WhiteElo "2172"]
[BlackElo "2238"]
[PlyCount "163"]
[EventDate "2016.10.07"]
[EventType "team"]
[EventRounds "11"]
[EventCountry "AUT"]
[WhiteTeam "SC DieKlagenfurter"]
[BlackTeam "SPG Sauwald"]

1.c4 e5 2.Nc3 Nf6 3.g3 Nc6 4.Bg2 Bc5 5.e3 a6 6.Nge2 d6 7.O-O O-O 8.d4 Ba7 9.b3 Re8
10.h3 h6 11.d5 Ne7 12.e4 Ng6 13.Qd3 Nh7 14.Be3 Bxe3 15.Qxe3 Qe7 16.b4 Bd7 17.Rab1
b6 18.Rfd1 Reb8 19.Rb2 Nf6 20.Rdb1 a5 21.a3 axb4 22.axb4 Ra3 23.Rb3 Rxb3 24.Rxb3 Ra8
25.Qc1 Qd8 26.Ra3 Ne8 27.h4 Ne7 28.Qa1 Rxa3 29.Qxa3 f5 30.exf5 Nxf5 31.Ne4 Nf6 32.Qd3
Nxe4 33.Bxe4 Ne7 34.Qa3 Bf5 35.Qd3 Bd7 36.f4 Qa8 37.fxe5 Qa1+ 38.Kf2 Qxe5 39.Qd4 Qh5
40.Bf3 Qg6 41.c5 bxc5 42.bxc5 Bb5 43.cxd6 cxd6 44.Qe4 Qxe4 45.Bxe4 Bxe2 46.Kxe2 Kf7
47.Ke3 Kf6 48.Kf4 g6 49.Bg2 Nf5 50.Be4 Ng7 51.Bf3 Nf5 52.Be4 Nd4 53.Bd3 Nb3 54.Bb5
Nc5 55.Be2 g5+ 56.hxg5+ hxg5+ 57.Kg4 Nd7 58.Kh5 Ne5 59.Ba6 Nf3 60.Bc8 Nd2 61.Kg4 Nc4
62.Be6 Kg6 63.Bf5+ Kf6 64.Be6 Kg6 65.Bf5+ Kh6 66.Be6 Ne3+ 67.Kf3 Nd1 68.Kg4 Kg6 69.Bf5+
Kf6 70.Be6 Nc3 71.Bg8 Nb5 72.Be6 Nc7 73.Bg8 Nb5 74.Be6 Nd4 75.Bd7 Nc2 76.Be6 Ne3+
77.Kf3 Nf5 78.Kg4 Nd4 79.Bg8 Kg6 80.Be6 Nc2 81.Bf5+ Kf6 82.Bxc2 1-0

[Event "2. Bundesliga Mitte 2016/2017"]
[Site "Leoben, Wolfsberg/Taufkirchen/Fuerstenfeld, Grieskirchen, St. Veit"]
[Date "2016.10.08"]
[Round "2"]
[Board "6"]
[White "Taggatz, Mario"]
[Black "Jakits, Leopold"]
[Result "1/2-1/2"]
[WhiteElo "2174"]
[BlackElo "2135"]
[PlyCount "63"]
[EventDate "2016.10.07"]
[EventType "team"]
[EventRounds "11"]
[EventCountry "AUT"]
[WhiteTeam "SPG Sauwald"]
[BlackTeam "SC DieKlagenfurter"]

1.d4 Nf6 2.Bf4 d5 3.e3 e6 4.Nf3 c5 5.c3 Nc6 6.Nbd2 Bd6 7.Bxd6 Qxd6 8.Bb5 O-O 9.O-O
Bd7 10.a4 Ne7 11.Ne5 Bxb5 12.axb5 a6 13.bxa6 cxd4 14.cxd4 Rxa6 15.Qe2 Rfa8 16.Rxa6
Qxa6 17.Qxa6 Rxa6 18.Rc1 Ne8 19.Kf1 f6 20.Nd3 Kf7 21.Ke2 Nd6 22.Rc3 Rc6 23.Rxc6 Nxc6
24.b3 Ke7 25.Nc5 Na5 26.Kd3 b6 27.Na4 Nc8 28.Kc3 Kd6 29.Nf3 Nc6 30.Ne1 N6e7 31.Kb4
Kc6 32.g4 1/2-1/2